Statistics for 日本の中核市

Click here to take the quiz!

General Stats

  • This quiz has been taken 101 times
    (21 since last reset)
  • The average score is 58 of 62

Answer Stats

地方都市名指定年月日% Correct
北海道東北秋田市1997/04/01
100%
東大阪市2005/04/01
100%
吹田市2020/04/01
100%
中国四国福山市1998/04/01
100%
岐阜市
100%
福井市
100%
船橋市
100%
長野市1999/04/01
100%
九州沖縄鹿児島市1996/04/01
100%
山形市2019/04/01
100%
福島市2018/04/01
100%
長崎市1997/04/01
100%
郡山市
100%
岡崎市2003/04/01
100%
函館市2005/10/01
100%
富山市2005/04/01
100%
那覇市2013/04/01
100%
大津市2009/04/01
100%
奈良市2002/04/01
94%
高槻市2003/04/01
94%
松山市2000/04/01
94%
高知市
94%
高松市1999/04/01
94%
倉敷市2002/04/01
94%
鳥取市2018/04/01
94%
大分市
94%
宮崎市1998/04/01
94%
久留米市2008/04/01
94%
松本市2021/04/01
94%
一宮市
94%
佐世保市2016/04/01
94%
盛岡市2008/04/01
94%
前橋市2009/04/01
94%
高崎市2011/04/01
94%
豊橋市
94%
横須賀市2001/04/01
94%
関東宇都宮市1996/04/01
94%
川越市2003/04/01
94%
八戸市2017/01/01
94%
川口市2018/04/01
94%
青森市2006/10/01
94%
水戸市2020/04/01
94%
中部金沢市1996/04/01
94%
豊田市1998/04/01
94%
旭川市2000/04/01
94%
いわき市1999/04/01
94%
柏市2008/04/01
94%
松江市
88%
呉市2016/04/01
88%
下関市2005/04/01
88%
甲府市2019/04/01
88%
八王子市
88%
明石市
88%
西宮市2008/04/01
88%
和歌山市1997/04/01
88%
近畿姫路市1996/04/01
88%
寝屋川市2019/04/01
81%
枚方市2014/04/01
81%
豊中市2012/04/01
81%
尼崎市
81%
越谷市2015/04/01
81%
八尾市2018/04/01
75%

Score Distribution

Percentile by Number Answered

Percent of People with Each Score

Your Score History

You have not taken this quiz since the last reset